Tiere mit "D" aufzählen - Statistiken

Allgemein
  • Dieses Quiz wurde 536 mal gespielt
    466 seit der letzten Aktualisierung
  • Das Durchschnittsergebnis liegt bei 11 aus 28
Antwortstatistiken
Tier mit D % Korrekt
Dachs
93%
Dackel / Dachshund
84%
Delfin
78%
Dalmatiner
72%
Dromedar
69%
Drossel
63%
Dorsch
56%
Dingo
52%
Drachenlibelle
49%
Dogge
48%
Dobermann
43%
Dohle
43%
Distelfink
37%
Dodo
36%
Dinosaurier
34%
Damhirsch
31%
Dompfaff
30%
Dreifingerfaultier
30%
Drohne
27%
Deutscher Schäferhund
25%
Dorade
24%
Dugong
22%
Dickhornschaf
20%
Döbel
18%
Degu
16%
Doktorfisch
12%
Dornenteufel
6%
Diplodocus
2%
Keine übereinstimmenden Quizze gefunden
Verteilung der Resultate
Anzahl Personen mit jedem Resultat
Perzentil nach korrekt beantworteten Fragen
Ihre Resultats-Entwicklung
Sie haben dieses Quiz seit der letzten Aktualisierung nicht gespielt